00970njm a2200217 i 45000010005000000030009000050070015000140080041000291000029000702450170000992600041002693000054003104900024003645000038003885180108004266100070005347000033006047100042006378300043006798520030007224692ES-MaACLs|r|||||||||||070807s1967 sp ||| g ||||||||1|nspa d1 aGener Cuadrado, Eduardo.10aEduardo Gener Cuadrado, selección de poemas y resumen crítico por Federico Muelas h[Grabación sonora] / cintervienen Eduardo Gener Cuadrado, Federico Muelas. aMadrid : bAteneo de Madrid, c1967. a1 disco (CD-DA) (1 h, 12 min. 24 seg.) ; c12 cm.1 aLecturas poéticas aDatos basados en la invitación. aActo organizado por el Aula de Poesía del Ateneo de Madrid, grabado el jueves 7 de diciembre de 1967.24aAteneo de Madrid-xActos culturales-y1967-vGrabaciones sonoras.1 aMuelas, Federico,d1909-19742 aAteneo de Madrid. bAula de Poesía.00aLecturas poéticas (Ateneo de Madrid) aES-MaACLjROT 3/3/19cROT